000 nam a22 7a 4500
999 _c232533
_d232533
003 ASAB
005 20170220154731.0
008 170220b xxu||||| |||| 00| 0 eng d
040 _cASAB
082 _a575
245 _aTextbook of Fish genetics and biotechnology
_cDr. Salve Balasaheb Shankarrao
300 _a00
942 _2ddc
_cBK